| 000 | 00391nam a2200157Ia 4500 | ||
|---|---|---|---|
| 008 | 160316s2006 xxu||||| |||| 00| 0 eng d | ||
| 082 |
_a332.042000 _bPER |
||
| 100 | _aPerkins John | ||
| 245 | _aConfessions of an economic hit man | ||
| 250 | _a | ||
| 260 |
_aLondon _bEbury Press _c2006 |
||
| 300 |
_a250p _b _cxvi |
||
| 365 | _b Rs. 407 | ||
| 650 | _a1. Economists - U S A | ||
| 700 |
_a _a |
||
| 999 |
_c25890 _d25890 |
||